Responses for Show #6661 - Monday, July 29, 2013

2013 Kids Week game 1.

Contestants

[<< previous game]

Erin Wenokur, a 12-year-old seventh grader from Lafayette, California

Jonathan Shoemaker, an 11-year-old sixth grader from Austin, Texas

Zoë Assasie, an 11-year-old fifth grader from Urbana, Maryland

[next game >>]

Jeopardy! Round responses

KIDS THESE DAYS
SPORTS STUFF
BIBLICAL PEOPLE
SCREENS
CANDY IS DANDY
PARTS OF SPEECH
    $200 12
water

Jonathan
    $200 11
the Super Bowl

Erin
    $200 8
Goliath

Jonathan
    $200 21
a touchscreen

Jonathan
    $200 1
an egg

Zoë
    $200 26
a noun

Jonathan
    $400 17
cancer

Erin
    $400 13
baseball

Triple Stumper
    $400 6
Judas

Jonathan
    $400 22
high definition

Jonathan
    $400 2
(Jonathan: What is a ... candy ring?)

a Ring Pop

ZoëJonathan
    $400 27
a verb

Jonathan
    $600 18
cabbage

Erin
    $600 14
the Fierce (or Fab) Five

Zoë
    $600 7
King Solomon

Zoë
    $600 23
a privacy screen

Triple Stumper
    $600 3
Runts

Triple Stumper
    $600 28
a preposition

Zoë
    $800 19
pi

Erin
    $800 15
Lance Armstrong

Erin
    $2,000 9
Samson

Jonathan
    $800 24
an iPad Mini

Zoë
    $800 4
Skittles

Jonathan
    $800 29
a conjunction

Erin
    $1000 20
the Guinness Book of World Records

Erin
    $1000 16
the Williams sisters (Venus & Serena)

Jonathan
    $1000 10
Paul

Zoë
    $1000 25
(Zoë: What is a Jumbotron?)

Texas

ZoëJonathan
    $1000 5
Jelly Belly

Jonathan
    $1000 30
an interjection

Zoë

Scores at the first commercial break (after clue 15):

Zoë Jonathan Erin
$2,800 $4,200 $1,000

Scores at the end of the Jeopardy! Round:

Zoë Jonathan Erin
$4,200 $7,400 $4,600

Double Jeopardy! Round responses

MONSTER LIT
RHYME TIME
HAVE SOME WATER
PRESIDENTS & FIRST LADIES
WHAT A CHARACTER!
ASTRONOMY
    $400 18
a dinosaur

Zoë
    $400 15
a light (or bright) flight

Zoë
    $400 10
(Jonathan: What is the Erie Canal?)

the Panama Canal

JonathanErin
    $400 6
Martha Washington

Erin
    $400 1
Greg Heffley

Zoë
    $800 21
Goon

Zoë
    $800 16
a quiz whiz

Zoë
    $800 11
the Mediterranean

Erin
    $800 7
(Zoë: [No response])

the Obamas

ZoëErin
    $800 2
Bilbo Baggins

Jonathan
    $800 25
[The end-of-round signal sounds.]

gravity

Jonathan
    $1200 22
Big Green Monster

Triple Stumper
    $1200 17
a flower tower

Jonathan
    $1200 12
(Erin: What is the Red Sea?)

the Dead Sea

ZoëErin
    $1200 8
Grover Cleveland

Zoë
    $1200 3
(Erin: Who is Pokémon?)
(Alex: No.)
(Erin: I mean, who is [*]?)
(Alex: Sorry.)
...
(Alex: Yeah. I had ruled on your first response, Erin. Sorry.)

Pikachu

JonathanErin
    $1200 24
(Erin: What is constellation?)

galaxy

Erin
Triple Stumper
    $1600 23
Where the Wild Things Are

Jonathan
    $1600 19
a spent cent

Zoë
    $600 13
the Indian Ocean

Zoë
    $1600 9
Theodore Roosevelt

Jonathan
    $1600 4
Sam

Erin
    $2000 20
feed the Swede

Triple Stumper
    $1,200 14
(Zoe: [No response])

Hiram Ulysses Grant

Zoë
    $2000 5
Zim

Triple Stumper

Scores at the end of the Double Jeopardy! Round:

Zoë Jonathan Erin
$9,600 $14,200 $5,000

[wagering suggestions for these scores]

Final Jeopardy! Round responses

IN THE DICTIONARY
ErinWhat is
$5,000
ZoëWhat is zap zzz?
$3,400
JonathanWhat is zip?
$5,100
snoring

Final scores:

Zoë Jonathan Erin
$6,200 $9,100 $0
2nd place: $2,000 Winner: $15,000 3rd place: $1,000

Game dynamics:

Coryat scores:

Zoë Jonathan Erin
$11,800 $13,000 $5,000
17 R
(including 1 DD),
3 W
(including 1 DD)
18 R
(including 1 DD),
2 W
12 R,
3 W

Combined Coryat: $29,800

[game clues] [game scores] [suggest correction]

Game tape date: 2013-02-04
The J! Archive is created by fans, for fans. Scraping, republication, monetization, and malicious use prohibited; this site may use cookies and collect identifying information. See terms. The Jeopardy! game show and all elements thereof, including but not limited to copyright and trademark thereto, are the property of Jeopardy Productions, Inc. and are protected under law. This website is not affiliated with, sponsored by, or operated by Jeopardy Productions, Inc. Join the discussion at JBoard.tv.